Historical Figures as Video Game Characters #5 - Statistics

General Stats
  • This quiz has been taken 25 times
  • The average score is 12 of 20
Answer Stats
Picture Answer % Correct
Abraham Lincoln
100%
Elizabeth II
100%
Ed Sheeran
96%
Tony Hawk
96%
Blackbeard
91%
Serena Williams
91%
Steve Jobs
91%
Stevie Wonder
74%
Theodore Roosevelt
70%
Frida Kahlo
61%
Muammar Gaddafi
57%
Desmond Tutu
48%
Nero
48%
Volodymyr Zelenskyy
48%
Wilhelm II
39%
Anna Wintour
30%
Ho Chi Minh
30%
Confucius
26%
Henry Kissinger
26%
Duke of Wellington
13%
No matching quizzes found
Score Distribution
Percent of People with Each Score
Percentile by Number Answered
Your Score History
You have not taken this quiz